LJUBOV

Bibliographic Details
Main Author: Zabužko, Oksana (Author)
Format: Article
Language:Ukrainian

MARC

LEADER 00000nab a2200000ua 4500
001 vtls010808904
003 SK-MaSNL
005 20260303131802.0
008 230218s1989 xo |||||||||||||||||ukr|
035 |a (urnnbn)urn:nbn:sk:snk:ar-004olh 
035 |a (uuid)454e0fd2-6cf3-4d44-9d88-ed35520614d2 
035 |a urn:nbn:sk:snk-ab44ma 
040 |a SNKBUCL  |b slo  |c SNKBUCL  |e AACR2 
041 0 |a ukr 
044 |a xo  |c SK 
100 1 |a Zabužko, Oksana  |4 aut  |9 1148910 
245 1 0 |a LJUBOV  |c Oksana Zabužko 
773 0 |t Duklja : literaturno-chudožnij ta hromads'ko-polityčnyj al'manach  |g Roč. 37, č. 3 (1989), s. 23 
958 |a OND 
958 |a EUIPO 
958 |a article3 
999 |c 1947021  |d 1948951